000 00270nam a2200109Ia 4500
008 190216s9999||||xx |||||||||||||| ||und||
100 _aShankara Kurup G
245 0 _aMalayalam-Marikkanum Pirakkanum Peedi
260 _bCurrent Books
650 _aMalayalam
942 _cBK
999 _c24309
_d24309